000 00797nam a2200205Ii 4500
003 JO-AjNU
008 230605s9999||||xx |||||||||||||| ||und||
040 _aJO-AjNU
_bara
_erda
_cJO-AjNU
041 _aara
050 1 4 _aBP155.T8764 1996
100 3 _aالتركي، عبد الله بن عبد المحسن,
_eauthor
_956403
245 0 0 _aأصول مذهب الإمام أحمد : دراسة أصولية مقارنة
250 _aط4
264 3 1 _aبيروت: مؤسسة الرسالة للطباعة والنشر والتوزيع، 1996
300 _a886ص
_bالفهارس ص 823-877
336 _atext
_btxt
_2rdacontent
337 _aunmediated
_bn
_2rdamedia
338 _avolume
_bnc
_2rdacarrier
650 4 _aالفقه الحنبلي- الفقه الاسلامي- مذاهب
_956404
999 _aA25214
_c28782
_d28782